000 00731nam a2200241 i 4500
001 C2-0199578
003 PPAK
005 20180728100239.0
008 990126s1995 nyua|||| ||||| | eng d
020 _a0823077128
040 _aPPAK
_beng
_cPPAK
_erda
082 0 4 _a792.028
_2 23
090 0 0 _a792.028
_bSAB
_dR
100 1 _aSabatine, Jean,
_eauthor
245 1 0 _aMovement training for the stage and screen :
_bthe organic connection between mind, spirit and body
264 1 _aNew York :
_bBack Stage Books ,
_c1995
300 _a239 pages :
_billustrations ;
_c23 cm
336 _2rdacontent
_atext
337 _2rdamedia
_aunmediated
338 _2rdacarrier
_avolume
650 1 0 _aMovement (Acting)
942 _ddc
_cB
999 _c156678
_d156678